000 00291nam a22001337a 4500
008 170608b xxu||||| |||| 00| 0 eng d
020 _a0717273482
041 _aeng
080 _a94(7/8)
100 _a18
101 _aSHH
245 _aTHE AMERICAN CIVIL WAR
_cLEVERT,S
942 _2udc
_cBK
999 _c16485
_d16485